| 000 | 01043nam0a22002651 4500 | ||
|---|---|---|---|
| 001 | rc\3248020 | ||
| 005 | 20260407081036.0 | ||
| 021 |
_aRU _b72-РК-2435/12-13 |
||
| 021 |
_aRU _bРг13302-72 |
||
| 035 | _a(NLR Aleph) 007379570 | ||
| 090 |
_a6493387 _c6493387 |
||
| 100 | _a20130115d1972 |||y0rusy50 ca | ||
| 101 | 0 | _arus | |
| 102 | _aRU | ||
| 105 | _aa z ||||| | ||
| 200 | 1 | _aПособие для поступающих в ЧВВМУ имени П.С. Нахимова | |
| 210 |
_aСевастополь _cБ. и. _d1972 |
||
| 215 |
_a70 с. _cил. _d22 |
||
| 532 | 1 | 2 | _aПособие для поступающих в Черноморское высшее военно-морское училище имени П.С. Нахимова |
| 710 | 0 | 2 |
_aЧерноморское высшее военно-морское училище им. П. С. Нахимова _cСевастополь _3RU\NLR\AUTH\8810041476 _9582276 |
| 801 | 0 |
_aRU _bNLR _gpsbo |
|
| 801 | 1 |
_aRU _bELAR _2rusmarc |
|
| 852 |
_aNLR _j72-6/7428 |
||
| 942 | _cBOOK | ||
| 980 | _aNB | ||